Statistics for Evil Alternate Universe Marvel Heroes by Picture

Click here to take the quiz!

General Stats

  • This quiz has been taken 8 times
  • The average score is 6 of 15

Answer Stats

Answer% Correct
Maestro
100%
Dark Beast
75%
the Maker
63%
Brute
50%
Magus
50%
Anti-Vision
38%
Iron Maniac
38%
Proctor
38%
Albion
25%
Dark Raider
25%
Hauptmann Englande
25%
Kaptain Briton
25%
Lore
25%
Nestor
25%
Sat-Yr-9
25%

Score Distribution

Percentile by Number Answered

Percent of People with Each Score

Your Score History

You have not taken this quiz